Castellano : segundo curso /

Guardado en:
Autor Principal: Molina De Cogorno, Graciela E
Formato: Libro
Publicado: Buenos Aires : Troquel, 1979
Edición:18a. ed.
Materias:
Etiquetas: Agregar Etiqueta
Sin Etiquetas, Sea el primero en etiquetar este registro!
LEADER 00712nam a22001815a 4500
001 CEM.cems004474
005 20060216000000.0
008 130507s1979##################000#0#####d
003 CEMS
082 0 4 |a 468 
100 1 |a Molina De Cogorno, Graciela E 
245 1 0 |a Castellano :  |b segundo curso / 
250 |a 18a. ed. 
260 |a Buenos Aires :  |b Troquel,  |c 1979 
300 |a 206 p. 
505 0 |a 1. Expresi¢n. 2. Estudio sistem tico del discurso. 3. expresi¢n escrita. 4.Estudio sistem tico de la lengua. 5. Expresi¢n oral. 6. Estudio sistem tico del discurso. 7. Expresi¢n escrita. 8. Estudio sistem tico de la lengua. 
653 |a Castellano 
859 |a CEMS  |b BIB. CEMS - 11 de abril  |h 468  |i M733a18/II  |p 8181.80  |t Ej.1